000 00513nam a2200193Ia 4500
005 20240823025029.0
008 240823s9999||||xx |||||||||||||| ||und||
020 _a81-314-0521-4
041 _aENGLISH
082 _A339.54792 P6
100 _aSthanumoorthy R Ed.
245 0 _a"Maharashtra Economy Performance,Opportunities and Challenges"
250 _a1st
260 _c2006
_bICFAI University
500 _aYES
650 _aMaharashtra Economy
_bManagement Studies
942 _cBK
999 _c185334
_d185334